[William Easterly: Břímě bílého muže: Proč pomoc Západu třetímu světu selhává? 1. vydání. Praha: Academia, 2010, 454 stran, ISBN 978-80-200-1776-5.]

Recenzia na knihu Williama Easterlyho Břímě bílého muže: Proč pomoc Západu třetímu světu selhává?

Salvato in:
Dettagli Bibliografici
Autore principale: Profant, Tomáš Imrich, 1983-
Natura: Capitolo di libro
Lingua:slovacco
Tags: Aggiungi Tag
Nessun Tag, puoi essere il primo ad aggiungerne!!

MARC

LEADER 00000naa a2200000 4500
001 0290968
005 20240417075225.6
041 0 |a slo 
044 |a CZ 
245 1 0 |a [William Easterly: Břímě bílého muže: Proč pomoc Západu třetímu světu selhává? 1. vydání. Praha: Academia, 2010, 454 stran, ISBN 978-80-200-1776-5.]  |c Tomáš Imrich Profant 
520 |a Recenzia na knihu Williama Easterlyho Břímě bílého muže: Proč pomoc Západu třetímu světu selhává? 
100 1 |a Profant, Tomáš Imrich, 1983-